Syrian requiem : (Record no. 3320)
[ view plain ]
| 000 -LEADER | |
|---|---|
| fixed length control field | 02169cam a2200181 i 4500 |
| 008 - FIXED-LENGTH DATA ELEMENTS--GENERAL INFORMATION | |
| fixed length control field | 200421s2021 nju b 001 0 eng |
| 020 ## - INTERNATIONAL STANDARD BOOK NUMBER | |
| ISBN | 9780691193311 |
| 100 1# - MAIN ENTRY--AUTHOR | |
| Author | Rabinovich, Itamar, |
| 245 10 - TITLE STATEMENT | |
| Title | Syrian requiem : |
| Remainder of title | the civil war and its aftermath / |
| Statement of responsibility, etc | Itamar Rabinovich, Carmit Valensi. |
| 260 ## - PUBLICATION, DISTRIBUTION, ETC. (IMPRINT) | |
| Place of publication | New Jersey |
| Name of publisher | Princeton University Press |
| Date of publication | 2021 |
| 300 ## - COLLATION | |
| Pagination | xiv, 271 pages ; |
| 520 ## - SUMMARY, ETC. | |
| Summary, etc | "The Syrian crisis is not over yet but the period of full-fledged civil war in that country appears to be drawing to a close, and it is now possible to view this calamity with some perspective. This short book will address the following questions about the conflict: How and why did quiet demonstrations in Southern Syria develop into a brutal civil war? Why did the political opposition to the regime of Bashar al-Assad remain weak and divided? How did radical Jihadi Islamists take over the main military opposition to the Syrian regime? How did the Syrian conflict become a main arena of the Saudi-Iranian regional rivalry? What explains the ambivalent Western attitude towards the Syrian rebellion? How did US policy under the Obama administration evolve and why did both Obama and Trump decide not to make a major investment in it? How stable is the status quo? And how could the conflict re-erupt in a different form? According to Rabinovitch, the Syrian regime and its supporters (including the Russians and the Iranians) have indeed emerged as victors, but it's a limited victory at best. The Syrian state under Assad controls only about 60 percent of the national territory and the potential for renewed violence is considerable. Assad's continued survival has come at the cost of deep dependency on Iran and Russia; his is now, arguably, a vassal state. This means that the country will remain in crisis for the foreseeable future, even if the full-scale civil war phase has come to an end. In his last chapter, Rabinovich will recommend policy options for the U.S"-- |
| 650 ## - TRACINGS | |
| Main Subject | Syria - History - Civil War, 2011 |
| Subdivision (1st) | Syria - Politics and Government - 2000 |
| 700 1# - ADDITIONAL AUTHOR | |
| Additional Author | Valensi, Carmit, |
| 942 ## - ADDED ENTRY ELEMENTS (KOHA) | |
| Item type | Books |
| 050 00 - LIBRARY OF CONGRESS CALL NUMBER | |
| Classification number | DS98.6 |
| Item number | .R335 2021 |
| 082 00 - DEWEY DECIMAL CLASSIFICATION NUMBER | |
| Classification number | 956.9104/23 |
| Source of classification or shelving scheme | Not for loan | Permanent location | Current location | Date acquired | Accession No. | Full call number | Barcode. | Koha item type |
|---|---|---|---|---|---|---|---|---|
| Library of Congress Classification | Samuel Ogbemudia Main Library, University of Abuja | Samuel Ogbemudia Main Library, University of Abuja | 05/06/2025 | 2024/63705 | DS98.6.R33 | 2025-1775 | Books |